| 000 | 00671nam 22002053 4500 | ||
|---|---|---|---|
| 001 | 199114 | ||
| 090 | _a199114 | ||
| 100 | _a20251118d u||y0pory50 ba | ||
| 101 | _apor | ||
| 200 |
_aDo Socialismo Utópico ao Socialismo Científico _fFriedrich Engels _gTradução de João Abel |
||
| 205 | _a4ª | ||
| 210 |
_aLisboa _cEditorial Estampa _d1975 (imp.) |
||
| 215 |
_a105, [7] p. _cBrochado _d19 cm |
||
| 225 | _aBiblioteca do Socialismo Científico | ||
| 606 |
_94713 _aCiências Sociais Política |
||
| 675 |
_a321.7/ENG/SOC _vPT _zpor |
||
| 700 |
_97514 _aEngels _bFriedrich _f1820-1895 |
||
| 801 |
_aPT _bBMMN _gRPC |
||
| 830 |
_cCarlos Pinto _d18-11-2025 _fCarlos Pinto |
||
| 990 | _cLIVROS | ||